000 00466nam a2200193Ia 4500
005 20250603144827.0
008 250603s9999 xx 000 0 und d
020 _a9781119951490
050 _aRA 394 .M67/
100 _a Morris, Stephen ... [et al.].
245 0 _aEconomic analysis in health care
250 _a2nd ed.
260 _aChichester
260 _bJohn Wiley & Sons
260 _c2012
300 _a386 p
650 _aChichester
942 _cBK
999 _c40070
_d40070